[Event "Equeurdreville UST op"]
[Site "Equeurdreville"]
[Date "2012.09.29"]
[Round "2"]
[White "Doris, Nicolas"]
[Black "Raynaud, Christophe"]
[Result "0-1"]
[WhiteElo "1790"]
[BlackElo "1839"]
[PlyCount "50"]
[EventDate "2012.09.29"]
[EventType "swiss"]
[EventRounds "5"]
[EventCountry "FRA"]
[SourceTitle "EXT 2014"]
[Source "ChessBase"]
[SourceDate "2013.11.20"]
[SourceVersion "1"]
[SourceVersionDate "2013.11.20"]
[SourceQuality "1"]

1. d4 Nf6 2. Nf3 e6 3. Nbd2 d5 4. e3 c5 5. b3 cxd4 6. exd4 Nc6 7. Bb2 Bd6 8. Ne5 0-0 9. f4 Qb6 10. Ndf3 Ne4 11. c3 f6 12. Nxc6 bxc6 13. g3 e5 14. Qc1 exf4 15. gxf4 Re8 16. Be2 Qc7 17. Qc2 Bxf4 18. Bc1 Bh3 19. Bxf4 Qxf4 20. Rg1 Qe3 21. Qd3 Qf2+ 22. Kd1 Nxc3+ 23. Qxc3 Qxe2+ 24. Kc1 Re3 25. Qxc6 Rc8 0-1